Exercises d'aritmetique (Record no. 64102)

MARC details
000 -LEADER
campo de control de longitud fija 00608nam a2200181 i 4500
001 - NÚMERO DE CONTROL
campo de control 64102
003 - IDENTIFICADOR DE NÚMERO DE CONTROL
campo de control ES-MaACL
005 - FECHA Y HORA DE LA ÚLTIMA TRANSACCIÓN
campo de control 20230906165036.0
007 - CAMPO FIJO DE DESCRIPCIÓN FÍSICA--INFORMACIÓN GENERAL
campo de control de longitud fija t|
008 - DATOS DE LONGITUD FIJA--INFORMACIÓN GENERAL
campo de control de longitud fija 031219s1914 fr ||||1| fre d
100 1# - ENTRADA PRINCIPAL--NOMBRE DE PERSONA
Nombre de persona Fitz-Patrick, J.
9 (RLIN) 51066
245 10 - MENCIÓN DEL TÍTULO
Título Exercises d'aritmetique
Resto del título : enoncés et solutions /
Mención de responsabilidad, etc. J. Fitz-Patrick ; avec une preface de J. Tannery.
250 ## - MENCION DE EDICION
Mención de edición 3ème ed. entierement ref. et considerablement augm.
260 ## - PUBLICACIÓN, DISTRIBUCIÓN, ETC.
Lugar de publicación, distribución, etc. París :
Nombre del editor, distribuidor, etc. A. Hermann et Fils,
Fecha de publicación, distribución, etc. 1914 (
Lugar de fabricación/manufactura Laval :
Fabricante L. Barnéoud)
300 ## - DESCRIPCIÓN FÍSICA
Extensión V, 707 p. ;
Dimensiones 26 cm.
700 1# - ENTRADA AGREGADA--NOMBRE PERSONAL
Nombre de persona Tannery, J.
9 (RLIN) 109204
852 ## - LOCALIZACIÓN
Ubicación ES-MaACL
Número de control de estantería F-15637
Holdings
Estatus retirado Estado de pérdida Estado de daño No para préstamo Biblioteca de origen Biblioteca actual Ubicación en estantería Fecha de adquisición Fuente de adquisición Total de préstamos Signatura topográfica completa Código de barras Visto por última vez Precio de reemplazo Tipo de ítem Koha
        Biblioteca del Ateneo de Madrid Biblioteca del Ateneo de Madrid Sala Pecera Planta 2 17/01/2008     F-15637 1067177 23/02/2023 23/02/2023 Libro impreso